LEADER 01145nam a2200253 i 4500 001 000000043157 003 CaOOAMICUS 005 20130320000000.0 008 130320s1987 it u000 u ita u 013 $a14327 020 $a88-10-40525-0 040 $aSeMil$bita 100 1 $aDi Sante, Carmine,$d<1941- >.$0(OLS)http://semarc/name/6206 245 12$aL'Eucaristia terra di benedizione :$bsaggio di antropologia biblica /$cCarmine Di Sante. 260 $aBologna :$bEDB,$ccopyr. 1987. 300 $a255 p. ;$c22 cm. 490 0 $aNuovi saggi teologici : collana interconfessionale per la promozione della ricerca teologica ;$v25 650 4$aAntropologia teologica.$0(OLS)http://semarc/subject/2114 830 0$aNuovi saggi teologici ;$v25.$0(OLS)http://semarc/title/422386 850 $aSeMil 852 $aSeMil$W1$xVenegono$y1$m2LA N 25$j263010$B9312$CSeMilBibl$Z2$F9312 $81 996 $6020$a88-10-40525-0$9(OLS)http://semarc/number/14665 996 $6245$aL'Eucaristia terra di benedizione :$bsaggio di antropologia biblica$9(OLS)http://semarc/title/63300 996 $6260$aBologna :$bEDB$9(OLS)http://semarc/publisher/29669 LEADER 01308nam a2200277 i 4500 001 000000191448 003 CaOOAMICUS 005 20100803000000.0 008 100803s2010 it u000 u spa u 013 $a170003 020 $a978-88-7839-167-3 040 $aSeMil$bita 100 1 $aGarcía Guillén, Domingo <1976->.$0(OLS)http://semarc/name/66782 245 10$a«Padre es nombre de relación» :$bDios Padre en la teología de Gregorio Nacianceno /$cDomingo García Guillén. 260 $aRoma :$bGBP, Gregorian & Biblical Press,$c2010. 300 $a421 p ;$c23 cm. 490 0 $aAnalecta Gregoriana ;$v308. 600 04$aGregorio : Nazianzeno .$0(OLS)http://semarc/subject/484 650 4$aDio - Padre.$0(OLS)http://semarc/subject/9327 830 0$aAnalecta Gregoriana ;$v308.$0(OLS)http://semarc/title/9 850 $aSeMil 852 $aSeMil$W1$xVenegono$y1$m2N V 408$j142062$B142062$CSeMilBibl$Z2$F153617 $81 961 $aSottoscrizione: Pontificio Istituto Biblico 996 $6020$a978-88-7839-167-3$9(OLS)http://semarc/number/182542 996 $6245$a«Padre es nombre de relación» :$bDios Padre en la teología de Gregorio Nacianceno$9(OLS)http://semarc/title/275861 996 $6260$aRoma :$bGBP, Gregorian & Biblical Press$9(OLS)http://semarc/publisher/33573 LEADER 00972nam a2200229 i 4500 001 000000201040 003 CaOOAMICUS 005 20110418000000.0 008 110418s1939 it u000 u ita u 013 $a179741 040 $aSeMil$bita 100 1 $aPende, Nicola,$c.$0(OLS)http://semarc/name/25761 245 10$aScienza dell'ortogenesi /$cNicola Pende. 260 $aBergamo :$bIstituto Italiano d'Arti Grafiche,$c1939. 300 $a238 p., [14] c. di tav. :$bill. ;$c27 cm + 1 fasc.: Libretto personale biotipologico sanitario del cittadino ... 500 $aIn custodia. 650 4$aBiotipologia.$0(OLS)http://semarc/subject/37742 850 $aSeMil 852 $aSeMil$W1$xVenegono$y1$m3W VIII 65$j222225$B151569$CSeMilBibl$Z2$F162780 $81 961 $aRecupero: Altro 996 $6245$aScienza dell'ortogenesi$9(OLS)http://semarc/title/290864 996 $6260$aBergamo :$bIstituto Italiano d'Arti Grafiche$9(OLS)http://semarc/publisher/29676